000 nam a22 7a 4500
999 _c10465
_d10465
008 180217b ||||| |||| 00| 0 eng d
100 _aChoudhry,L
_96391
245 _aEnglish Grammer - V
260 _aNew Delhi
_bAPC Publication
_c2013